Databáze klient/server : Průvodce /

Salvato in:
Dettagli Bibliografici
Autore principale: Salemi, Joe (Autore)
Natura: Libro
Lingua:ceco
Pubblicazione: Brno : UNIS, 1993
Edizione:1.vyd.
Soggetti:
Tags: Aggiungi Tag
Nessun Tag, puoi essere il primo ad aggiungerne!!

MARC

LEADER 00000nam a22000003a 4500
001 stu9147
005 20150617225807.1
008 960719s1993----xr------------------cze-d
040 |a STU  |b slo 
041 0 |a cze 
044 |a xr 
080 |a 681.324 
080 |a 681.32.016 
080 |a 519.683.5 
084 |a C4250  |2 INS 
084 |a C6160  |2 INS  |7 stu_us_auth*stu16331 
084 |a D2080  |2 INS 
084 |a B6210L  |2 INS 
084 |a C5400  |2 INS 
084 |a C5620  |2 INS 
084 |a C5630  |2 INS  |7 stu_us_auth*stu6236 
084 |a D5020  |2 INS 
100 1 |a Salemi, Joe  |4 aut 
245 1 |a Databáze klient/server :  |b Průvodce /  |c [aut.] Salemi,Joe 
250 |a 1.vyd. 
260 |a Brno :  |b UNIS,  |c 1993 
300 |a 273 s 
650 7 |a dátabázové systémy  |2 stusub 
650 7 |a dátabázové riadiace systémy  |2 stusub 
650 7 |a SRBD  |2 stusub 
650 7 |a počítačové siete  |2 stusub 
650 7 |a servery  |2 stusub 
650 7 |a DBMS  |2 stusub 
996 |b 284EK08027  |c E*80730  |l EE01  |s A  |a 24  |w stu9147_0002